02065nam a22002537a 450000500170000000800410001702000180005804000070007604100120008308200190009510000280011424500410014226000320018330000240021536500530023952011470029265000310143965000470147065000320151765000420154994200120159199900190160395201890162220260123114824.0260113b |||||||| |||| 00| 0 eng d a9789369521883 cAL aEnglish a364.3092bTELC aAnand Teltumbde9252377 aCell and the soulb: a prison memoir aNew DelhibBloomsburyc2025 a244 p.bHBc22x14cm a5464b₹559.00c₹d₹699.00e20%f10-01-2026 aNoted social activist Anand Teltumbde entered the Taloja Central Prison as accused number 10 in the Bhima Koregaon case and spent 31 months as an undertrial until he was released on bail. As an intellectual who was stripped of his freedom, he lays bares the chilling realities of India's prisons in his gut-wrenching prison memoir. Part memoir, part diary, Cell and the Soul is a descent into the heart of India's carceral state, ripping open the belly of the beast-the prison industrial complex-and exposing the brutal, pulsating injustice within. From the echoing silence of his cell, Teltumbde writes of a heartless state that criminalises dissent with political imprisonment, of the relentless grind of injustice, and the profound cost of speaking truth to power. His prison writing is but a synecdoche for thousands of nameless, faceless undertrials who languish in India's jails. This is a raw, unvarnished testament of a man incarcerated for his convictions, a powerful indictment of a democracy devouring its own. Rare is writing so tender and searing it dares us to confront the darkness within each of us and seek our own freedoms.  aPrison life India9251155 aPolitical imprisonment and dissent9251166 aHuman rights India9251167 aCriminal justice system India9251168 2ddccBK c240743d240743 00102ddc40708PSaALbALcSKd2026-01-10eBiblios Book Point, Surathkal-575014g559.00l1o364.3092 TELCp078022q2026-05-22r2026-05-12 11:25:53s2026-05-12v699.00w2026-01-10yBK